000 00196 a2200097 4500
020 _a9780439862363
041 _aeng
100 _aGill,Mickey
245 _abackpack kitty goes to Camp
942 _cBK
999 _c31873
_d31871